Si no, el invierno. Fragmentos de Safo.

Gespeichert in:
Bibliographische Detailangaben
1. Verfasser: Carson, Anne (autora)
Weitere Verfasser: Luque, Aurora (versión al español)
Format: Unbekannt
Veröffentlicht: Madrid, España: Vaso Roto Ediciones, 2019.
Ausgabe:Edición trilingüe.
Schriftenreihe:Colección Abstracta
Schlagworte:
Tags: Tag hinzufügen
Keine Tags, Fügen Sie den ersten Tag hinzu!

MARC

LEADER 00000 a2200000 4500
003 CL-VaPUC
005 20240624134043.0
008 220705t2019 ||||| |||| 00| 0 eng d
999 |c 436705  |d 436703 
020 |a 978-84-121638-4-1 
040 |c Pontificia Universidad Católica de Valparaíso 
082 7 |a 884.01 CAR 2002  |2 22 
100 |a Carson, Anne  |9 870419  |e autora 
245 |a Si no, el invierno.  |b Fragmentos de Safo. 
250 |a Edición trilingüe. 
260 |a Madrid, España:  |b Vaso Roto Ediciones,  |c 2019. 
300 |a paginación irregular. 
440 |a    |9 872210 
490 |a Colección Abstracta  |n  9. 
583 |k Catalogador Asistente  |c 20220705 
600 0 |a Safo  |e autora  |d 630 a.C - 580 a.C  |9 450600 
650 |a Mujer   |z Grecia   |x Poesía  |9 873048 
700 |a Luque, Aurora  |e versión al español  |9 872211 
942 |2 ddc  |c BK 
952 |0 0  |1 0  |2 ddc  |4 0  |6 884_010000000000000_CAR_2002  |7 0  |8 A  |9 584404  |a BIBART  |b BIBART  |d 2022-07-05  |e 135  |g 33200.00  |i 5652559  |l 2  |o 884.01 CAR 2002  |p 5652559  |r 2025-03-13  |s 2022-09-26  |t 1  |v 33200.00  |w 2022-07-05  |y BK  |k ART